| 000 -LEADER |
| fixed length control field |
00884cam a2200229 a 4500 |
| 020 ## - INTERNATIONAL STANDARD BOOK NUMBER |
| ISBN |
0792314808 (acidfree paper) |
| 040 ## - CATALOGING SOURCE |
| Transcribing agency |
DLC |
| 082 00 - DEWEY DECIMAL CLASSIFICATION NUMBER |
| Classification number |
581 KAP 1992 C151 Or. |
| 245 00 - TITLE STATEMENT |
| Title |
10 years plant molecular biology / |
| 260 ## - PUBLICATION, DISTRIBUTION, ETC. (IMPRINT) |
| Place of publication |
Dordrecht ; |
| -- |
Boston : |
| Name of publisher |
Kluwer Academic Publishers, |
| Year of publication |
c1992. |
| 300 ## - PHYSICAL DESCRIPTION |
| Number of Pages |
199 p. : |
| Other physical details |
ill. (some col.) ; |
| Dimensions |
29 cm. |
| 500 ## - GENERAL NOTE |
| General note |
"Reprinted from Plant molecular biology, vol. 19 (1992)." |
| 500 ## - GENERAL NOTE |
| General note |
Cover title: 10 years PMB. |
| 500 ## - GENERAL NOTE |
| General note |
"International Society for Plant Molecular Biology"--Cover. |
| 650 #0 - SUBJECT ADDED ENTRY--TOPICAL TERM |
| Topical Term |
Plant molecular biology. |
| 700 1# - ADDED ENTRY--PERSONAL NAME |
| Personal name |
Schilperoort, Robbert A. |
| 700 1# - ADDED ENTRY--PERSONAL NAME |
| Personal name |
Dure, Leon. |
| 710 2# - ADDED ENTRY--CORPORATE NAME |
| Corporate name or jurisdiction name as entry element |
International Society for Plant Molecular Biology. |
| 856 42 - ELECTRONIC LOCATION AND ACCESS |
| Uniform Resource Identifier |
http://www.loc.gov/catdir/enhancements/fy0821/92017645-d.html |
| 856 41 - ELECTRONIC LOCATION AND ACCESS |
| Uniform Resource Identifier |
http://www.loc.gov/catdir/enhancements/fy0821/92017645-t.html |
| 942 ## - ADDED ENTRY ELEMENTS (KOHA) |
| Koha item type |
ADB |
| 952 ## - LOCATION AND ITEM INFORMATION (KOHA) |
| Withdrawn status [LOCAL, KOHA] |
0 |